Antisemitism, Islamophobia, and interreligious hermeneutics: ways of seeing the religious other
| Corporate Author: | |
|---|---|
| Contributors: | |
| Format: | Print Book |
| Language: | English |
| Subito Delivery Service: | Order now. |
| Check availability: | HBZ Gateway |
| WorldCat: | WorldCat |
| Interlibrary Loan: | Interlibrary Loan for the Fachinformationsdienste (Specialized Information Services in Germany) |
| Published: |
Leiden Boston
Brill Rodopi
[2019]
|
| In: |
Currents of encounter (volume 58)
Year: 2019 |
| Volumes / Articles: | Show volumes/articles. |
| Series/Journal: | Currents of encounter
volume 58 |
| Standardized Subjects / Keyword chains: | B
Islamophobia (motif)
/ Antisemitism
/ The Other
/ Religion
/ Heresy
|
| Further subjects: | B
Conference program
|
| Online Access: |
Table of Contents Blurb |
| Parallel Edition: | Electronic
|
MARC
| LEADER | 00000cam a2200000 c 4500 | ||
|---|---|---|---|
| 001 | 1644401754 | ||
| 003 | DE-627 | ||
| 005 | 20251225204743.0 | ||
| 007 | tu | ||
| 008 | 181116s2019 ne ||||| 00| ||eng c | ||
| 020 | |a 9789004381667 |9 978-90-04-38166-7 | ||
| 024 | 3 | |a 9789004381667 | |
| 035 | |a (DE-627)1644401754 | ||
| 035 | |a (DE-576)513784438 | ||
| 035 | |a (DE-599)HEB432995722 | ||
| 035 | |a (OCoLC)1077746295 | ||
| 035 | |a (OCoLC)1077746295 | ||
| 040 | |a DE-627 |b ger |c DE-627 |e rda | ||
| 041 | |a eng | ||
| 044 | |c XA-NL |c XD-US | ||
| 072 | 7 | |a HRAM |2 bicssc | |
| 072 | 7 | |a REL 051000 |2 bisacsh | |
| 082 | 0 | |a 201/.5 |q SEPA | |
| 084 | |a 1 |a 0 |2 ssgn | ||
| 084 | |a BE 3720 |2 rvk |0 (DE-625)rvk/10581: | ||
| 084 | |a 11.07 |2 bkl | ||
| 090 | |a a | ||
| 111 | 2 | |j VerfasserIn |0 (DE-588)1185725482 |0 (DE-627)1665087250 |4 aut |a Anti-Judaism, Islamophobia, and Interreligious Hermeneutics |g Veranstaltung |d 2016 |c Lund | |
| 245 | 1 | 0 | |a Antisemitism, Islamophobia, and interreligious hermeneutics |b ways of seeing the religious other |c edited by Emma O'Donnell Polyakov |
| 264 | 1 | |a Leiden |a Boston |b Brill Rodopi |c [2019] | |
| 264 | 4 | |c © 2019 | |
| 300 | |a IX, 193 Seiten |b Illustrationen | ||
| 336 | |a Text |b txt |2 rdacontent | ||
| 337 | |a ohne Hilfsmittel zu benutzen |b n |2 rdamedia | ||
| 338 | |a Band |b nc |2 rdacarrier | ||
| 490 | 1 | |a Currents of encounter |v volume 58 | |
| 500 | |a Literaturangaben | ||
| 583 | 1 | |a Archivierung/Langzeitarchivierung gewährleistet |f SSG |x XA-DE-BW |2 pdager |5 DE-21 | |
| 601 | |a Hermeneutik | ||
| 655 | 7 | |a Konferenzschrift |0 (DE-588)1071861417 |0 (DE-627)826484824 |0 (DE-576)433375485 |2 gnd-content | |
| 689 | 0 | 0 | |d s |0 (DE-588)7640216-2 |0 (DE-627)589480979 |0 (DE-576)301496870 |2 gnd |a Islamfeindlichkeit |
| 689 | 0 | 1 | |d s |0 (DE-588)4002333-3 |0 (DE-627)10639374X |0 (DE-576)208846603 |2 gnd |a Antisemitismus |
| 689 | 0 | 2 | |d s |0 (DE-588)4195640-0 |0 (DE-627)105210315 |0 (DE-576)210102489 |2 gnd |a Das Andere |
| 689 | 0 | 3 | |d s |0 (DE-588)4049396-9 |0 (DE-627)106187155 |0 (DE-576)209081880 |2 gnd |a Religion |
| 689 | 0 | 4 | |d s |0 (DE-588)4022838-1 |0 (DE-627)104467096 |0 (DE-576)208946047 |2 gnd |a Häresie |
| 689 | 0 | |5 (DE-627) | |
| 700 | 1 | |e HerausgeberIn |0 (DE-588)1169318312 |0 (DE-627)1033561630 |0 (DE-576)512053014 |4 edt |a Polyakov, Emma O'Donnell |d 1977- | |
| 776 | 1 | |z 9789004381667 |c (ebook) | |
| 776 | 1 | |z 9789004381674 | |
| 776 | 0 | 8 | |i Erscheint auch als |n Online-Ausgabe |a Polyakov, Emma O'Donnell, 1977 - |t Antisemitism, Islamophobia, and interreligious hermeneutics |d Boston, MA : Brill, 2018 |h 1 Online-Ressource |w (DE-627)1738161935 |z 9789004381674 |k Electronic |
| 830 | 0 | |a Currents of encounter |v volume 58 |9 58 |w (DE-627)50998391X |w (DE-576)021339058 |w (DE-600)2230050-8 |x 0923-6201 |7 am | |
| 856 | 4 | 2 | |u https://swbplus.bsz-bw.de/bsz513784438inh.htm |m V:DE-576;B:DE-21 |q application/pdf |v 20181126153808 |3 Inhaltsverzeichnis |7 1 |
| 856 | 4 | 2 | |u https://swbplus.bsz-bw.de/bsz513784438kla.htm |m V:DE-576;B:DE-21 |q application/pdf |v 20181126153808 |3 Klappentext |7 1 |
| 935 | |i sf | ||
| 936 | r | v | |a BE 3720 |b Dialog, Begegnung der Religionen |k Theologie und Religionswissenschaften |k Religionswissenschaft |k Systematische Religionswissenschaft |k Religionskontakt |k Dialog, Begegnung der Religionen |0 (DE-627)1272630390 |0 (DE-625)rvk/10581: |0 (DE-576)202630390 |
| 936 | b | k | |a 11.07 |j Interreligiöse Beziehungen |0 (DE-627)106403710 |
| 951 | |a BO | ||
| ACO | |a 1 | ||
| ELC | |b 1 | ||
| ITA | |a 1 |t 1 | ||
| LOK | |0 000 xxxxxcx a22 zn 4500 | ||
| LOK | |0 001 3310942376 | ||
| LOK | |0 003 DE-627 | ||
| LOK | |0 004 1644401754 | ||
| LOK | |0 005 20181122115327 | ||
| LOK | |0 008 181120||||||||||||||||ger||||||| | ||
| LOK | |0 040 |a DE-21 |c DE-627 |d DE-21 | ||
| LOK | |0 852 |a DE-21 | ||
| LOK | |0 852 1 |c 58 A 7603 |9 00 | ||
| LOK | |0 935 |a theo | ||
| LOK | |0 936ln |a t11 | ||
| LOK | |0 938 |a 1811 |f 2 | ||
| LOK | |0 939 |a 20-11-18 |b l01 | ||
| ORI | |a SA-MARC-ixtheoa001.raw | ||
| REL | |a 1 | ||
| SPR | |a 1 |t IXT |t REL | ||
| STA | 0 | 0 | |a Antisemitism,Antisemitism,Antisemitism in art,Heresy,Heresy,Heterodoxy,Heresy,Islamophobia (motif),Islamophobia,Anti-Islamism,Anti-Muslimism,Religion,Religion in literature,Religions,Religion,The Other |
| STB | 0 | 0 | |a Antisémitisme,Antisémitisme,Hérésie,Hérésies chrétiennes,Hérésie,Islamophobie (motif),Anti-islamisme,Islamophobie,L’autre,Altérité,Altérité,Religion,Religions,Religion |
| STC | 0 | 0 | |a Antisemitismo,Antisemitismo,Herejía,Herejía,Herejía,Islamofobía,Lo otro,Religión,Religión,Religión |
| STD | 0 | 0 | |a Antisemitismo,Antisemitismo,Eresia,Eresia,Islamofobia,L'altro,Religione,Religione,Religione |
| STE | 0 | 0 | |a 反犹太主义,反犹太主义,宗教,宗教,异端,异端,那 另外的,那 不同的 |
| STF | 0 | 0 | |a 伊斯兰恐惧症,反猶太主義,反猶太主義,宗教,宗教,異端,異端,那 另外的,那 不同的 |
| STG | 0 | 0 | |a Antissemitismo,Antissemitismo,Heresia,Heresia,Islamofobia,O Outro,Religião,Religião |
| STH | 0 | 0 | |a Антисемитизм (мотив),Антисемитизм,Ересь (мотив),Ересь,Исламофобия,Прочее,Религия,Религия (мотив) |
| STI | 0 | 0 | |a Αίρεση (μοτίβο),Αίρεση,Αντισημιτισμός (μοτίβο),Αντισημιτισμός,Θρησκεία,Θρησκεία (μοτίβο),Ισλαμοφοβία,Το Άλλο |
| SUB | |a REL | ||
| SYG | 0 | 0 | |a Islamophobie,Islamfeindschaft,Antiislamismus,Muslimfeindschaft,Muslimfeindlichkeit , Judenfeindschaft,Judenhass,Judenfeindschaft,Judenhass , Alterität , Religion,Mystik,Mythologie , Irrlehre,Ketzerei,Heterodoxie |



